|
|
|
|
| LEADER |
00885cam a2200253 7i4500 |
| 001 |
0000021852 |
| 005 |
20220610090000.0 |
| 008 |
090128 eng |
| 020 |
|
|
|a 9780618803279 (hbk.)
|
| 020 |
|
|
|a 0618803270 (pbk.)
|
| 040 |
|
|
|a UPSI
|
| 050 |
0 |
0 |
|a QD33 ZUM 2008
|
| 090 |
0 |
0 |
|a QD33.Z86 2008
|
| 100 |
1 |
|
|a Zumdahl, Steven S
|
| 245 |
1 |
0 |
|a Introductory chemistry :
|b a foundation
|c Steven S.Zumdahl, Donald J.DeCoste.
|
| 250 |
|
|
|a 6th ed.
|
| 260 |
|
|
|a Boston:
|b Houghton Mifflin Company,
|c 2008.
|
| 300 |
|
|
|a xxxii, 682 p.:
|b col. ill.;
|c 29 cm.
|
| 440 |
|
0 |
|a Study card to accompany Zumdahl's Introductory Chemistry series
|
| 500 |
|
|
|a Includes index
|
| 650 |
0 |
0 |
|a Chemistry
|
| 700 |
1 |
|
|a DeCoste, Donald J
|
| 997 |
|
|
|a Engineering & Life Sciences, Faculty
|b Science & Biotechnology, Department
|
| 999 |
|
|
|a 0000032905
|b BOK
|c OPEN SHELF
|e 1st Floor, Bestari Jaya
|